000 00578nam a2200181Ia 4500
008 151018s9999 xx 000 0 und d
082 _bRBASDV28281
_a891.463
100 _aसंजय सोनवणी
245 _aक्लिओपात्रा
250 _b2
260 _bपुष्प प्रकाशन पुणे
_c1997
300 _a301
600 _aसंजय सोनवणी
630 _aक्लिओपात्रा
700 _aसंजय सोनवणी
730 _aक्लिओपात्रा
942 _cBOOK
999 _c1027861
_d1027858